[Event "ICS Rated blitz match"]
[Site "207.99.83.229"]
[Date "1999.06.08"]
[Round "?"]
[White "Hossa"]
[Black "Amateur"]
[Result "0-1"]
[WhiteElo "2647"]
[BlackElo "2609"]
[PlyCount "162"]

1. e4 e6 2. d4 d5 3. Nd2 Nf6 4. e5 Nfd7 5. Bd3 c5 6. c3 Nc6 7. Ne2 Qb6 8. Nf3
cxd4 9. cxd4 Qb4+ 10. Kf1 Qb6 11. a3 Be7 12. Qc2 Nf8 13. Rg1 Bd7 14. b4 Rc8 15.
Qb1 Ng6 16. b5 Na5 17. a4 O-O 18. h4 Rfe8 19. h5 Nf8 20. h6 g6 21. Ba3 Qd8 22.
Bxe7 Qxe7 23. Qa2 Rc7 24. Qa3 Qxa3 25. Rxa3 Nc4 26. Rc3 a6 27. bxa6 bxa6 28.
Bc2 Rb8 29. Rh1 Rb4 30. a5 Rb5 31. Kg1 Rxa5 32. Kh2 Rc8 33. Ng5 Ra2 34. Rc1 Rb2
35. Kh1 a5 36. Nf4 a4 37. Nd3 Ra2 38. Nb4 Ra3 39. Rd3 Rxd3 40. Nxd3 a3 41. Nf3
Rb8 42. Nc5 Bc6 43. Bb3 Na5 44. Bc2 a2 45. Ra1 Rb2 46. Ne1 Bb5 47. Rd1 Nc6 48.
Nb3 Nb4 49. Na1 Nxc2 50. Nexc2 Ba4 51. Kh2 Bxc2 52. Rd2 Rb1 53. Rxc2 Rxa1 54.
Kg3 f6 55. exf6 Kf7 56. f4 Kxf6 57. Kg4 Nd7 58. Re2 Nb6 59. Rf2 Nc4 60. Re2 Nd6
61. Rf2 Nf5 62. Kf3 Nxh6 63. f5 Nxf5 64. g3 Kg5 65. Kg2 Ne3+ 66. Kf3 Rf1 67.
Kxe3 a1=Q 68. Rxf1 Qxf1 69. Kd2 Qf2+ 70. Kc3 Qxg3+ 71. Kb4 Kf4 72. Ka5 Qb3 73.
Ka6 Qb4 74. Ka7 Qxd4+ 75. Kb7 Qc5 76. Ka6 d4 77. Kb7 d3 78. Ka6 d2 79. Kb7 d1=Q
80. Kb8 Qb1+ 81. Ka8 81... Qa5# {Hossa checkmated} 0-1

[Event "ICS Rated blitz match"]
[Site "207.99.83.229"]
[Date "1999.06.08"]
[Round "?"]
[White "Data"]
[Black "Hossa"]
[Result "1-0"]
[WhiteElo "2820"]
[BlackElo "2629"]
[PlyCount "86"]

1. e4 e5 2. Nf3 Nc6 3. Bc4 Nf6 4. d4 exd4 5. O-O Nxe4 6. Re1 d5 7. Bxd5 Qxd5 8.
Nc3 Qa5 9. Nxe4 Be7 10. Bg5 f6 11. Bf4 Bg4 12. h3 Bxf3 13. Qxf3 O-O-O 14. Rad1
Qxa2 15. Qg3 f5 16. Nd2 Qxb2 17. Bxc7 Rde8 18. Bf4 g6 19. Be5 Bh4 20. Qxh4 Rxe5
21. Rxe5 Nxe5 22. Rb1 Qxc2 23. Qxd4 Rd8 24. Qxa7 Qc7 25. Qa2 Kb8 26. Ra1 Qc5
27. Nb3 Qb4 28. Qa7+ Kc8 29. Na5 Nd3 30. Ra4 Qb1+ 31. Kh2 Rd7 32. Rc4+ Kd8 33.
Qb8+ Ke7 34. Nc6+ Kf7 35. Qc8 Re7 36. Nxe7 Nxf2 37. Nxf5 Qxf5 38. Qc7+ Ke6 39.
Qb6+ Ke7 40. Rc7+ Qd7 41. Rxd7+ Kxd7 42. Qxf2 Ke8 43. Qh4 43... h6 {
Hossa resigns} 1-0

[Event "ICS Rated blitz match"]
[Site "207.99.83.229"]
[Date "1999.06.08"]
[Round "?"]
[White "Hossa"]
[Black "Nicy"]
[Result "1-0"]
[WhiteElo "2617"]
[BlackElo "2264"]
[PlyCount "37"]

1. e4 c5 2. Nf3 Nc6 3. d4 cxd4 4. Nxd4 g6 5. c4 Nf6 6. Nc3 Nxd4 7. Qxd4 d6 8.
Bg5 Bg7 9. Qd2 O-O 10. Be2 Be6 11. Rc1 Qa5 12. f3 a6 13. Bh6 Rfc8 14. b3 Bh8
15. O-O Qc5+ 16. Kh1 Rc7 17. Nd5 Bxd5 18. cxd5 Qb6 19. Be3 {Nicy resigns} 1-0

[Event "ICS Rated blitz match"]
[Site "207.99.83.229"]
[Date "1999.06.08"]
[Round "?"]
[White "Hossa"]
[Black "rb"]
[Result "1/2-1/2"]
[WhiteElo "2617"]
[BlackElo "2235"]
[PlyCount "182"]

1. e4 e5 2. Nf3 Nc6 3. Bc4 Bc5 4. c3 Nf6 5. d4 exd4 6. cxd4 Bb4+ 7. Bd2 Bxd2+
8. Nbxd2 d5 9. exd5 Nxd5 10. Qb3 Nce7 11. O-O O-O 12. Rfe1 c6 13. Qa3 Be6 14.
Re2 Re8 15. Rae1 h6 16. Ne5 Qb6 17. Nb3 Rad8 18. Re4 Bf5 19. Nxf7 Bxe4 20. Nxd8
Nf5 21. Nxb7 Nxd4 22. Qa4 Nb5 23. N3c5 Bg6 24. Rxe8+ Bxe8 25. Qc2 Kh8 26. Qf5
Nf6 27. Qe5 Qc7 28. f4 Qxe5 29. fxe5 Ng4 30. Nd6 Bg6 31. Bxb5 cxb5 32. Nxb5 a5
33. e6 Ne5 34. e7 Nc6 35. Nb7 a4 36. Nc5 Kg8 37. Nxa4 Kf7 38. Nb6 Kxe7 39. Nd5+
Kd7 40. Kf2 Ne5 41. b3 Bf7 42. Ndc3 Kc6 43. h3 Kc5 44. Ke3 g5 45. Nd4 Kb4 46.
Ke4 Nd7 47. Ncb5 Kc5 48. Ke3 Nf6 49. Nc3 Kb4 50. Kd2 Kc5 51. Kd3 Bg6+ 52. Ke3
Kb4 53. Ncb5 Nd5+ 54. Ke2 Nf4+ 55. Kf3 Kc5 56. h4 Bd3 57. a4 Kb4 58. Na7 Kc3
59. Nac6 Nd5 60. hxg5 hxg5 61. Kg4 Ne3+ 62. Kxg5 Nxg2 63. a5 Ne3 64. Kf4 Nd5+
65. Ke5 Nb4 66. Ne7 Ba6 67. Nd5+ Nxd5 68. Kxd5 Kb4 69. Kc6 Kxa5 70. Kc5 Bf1 71.
Nc6+ Ka6 72. b4 Be2 73. Nd4 Bd3 74. Ne6 Be2 75. Nc7+ Ka7 76. Ne8 Bd1 77. Nd6
Be2 78. Nf7 Ka6 79. Nh6 Bd3 80. Ng8 Be2 81. Ne7 Bb5 82. Ng6 Bd3 83. Nf4 Bb5 84.
Nd5 Be2 85. Nf6 Bb5 86. Ng4 Bd7 87. Ne3 Bb5 88. Nf5 Be2 89. Kc6 Bf3+ 90. Kc7
Kb5 91. Nd4+ 91... Kxb4 {Game drawn because neither player has mating material}
1/2-1/2

[Event "ICS Rated blitz match"]
[Site "207.99.83.229"]
[Date "1999.06.08"]
[Round "?"]
[White "rb"]
[Black "Hossa"]
[Result "1-0"]
[WhiteElo "2248"]
[BlackElo "2604"]
[PlyCount "74"]

1. e4 c5 2. Nf3 d6 3. d4 cxd4 4. Nxd4 Nf6 5. Nc3 Nc6 6. Bg5 a6 7. Nxc6 bxc6 8.
Bc4 e5 9. O-O Be7 10. a3 O-O 11. Qd3 Ng4 12. Bxe7 Qxe7 13. h3 Nf6 14. Rad1 Rd8
15. b4 Bb7 16. Rfe1 d5 17. exd5 cxd5 18. Bb3 d4 19. Na4 e4 20. Qc4 Bd5 21. Qc5
Qxc5 22. Nxc5 Bc6 23. a4 Rd6 24. Bc4 Ra7 25. Rd2 a5 26. b5 Ba8 27. Red1 d3 28.
cxd3 Re7 29. dxe4 Rxd2 30. Rxd2 Bxe4 31. Rd8+ Ne8 32. b6 Bc6 33. Rc8 Re1+ 34.
Kh2 g5 35. Rxc6 Nd6 36. Rxd6 Re8 37. Nd7 37... Kg7 {Hossa resigns} 1-0

[Event "ICS rated standard match"]
[Site "207.99.83.229"]
[Date "1999.06.08"]
[Round "?"]
[White "Idiota"]
[Black "Hossa"]
[Result "0-1"]
[WhiteElo "2049"]
[BlackElo "2258"]
[PlyCount "46"]

1. c4 Nf6 2. Nc3 e5 3. d4 exd4 4. Qxd4 Nc6 5. Qe3+ Be7 6. Nf3 O-O 7. Nd5 Nxd5
8. cxd5 Nb4 9. Qd2 c6 10. dxc6 dxc6 11. e4 Qa5 12. Ke2 Rd8 13. Qc3 Qa4 14. b3
Qb5+ 15. Qc4 Qxc4+ 16. bxc4 Be6 17. Nd2 Bf6 18. Rb1 Nxa2 19. Ke1 Bc3 20. Rb3
Ba5 21. Ra3 Nxc1 22. Rxa5 Rxd2 23. Kxd2 23... Nb3+ {Idiota resigns} 0-1

[Event "ICS rated blitz match"]
[Site "207.99.83.229"]
[Date "1999.06.08"]
[Round "?"]
[White "Monopoly"]
[Black "Hossa"]
[Result "1-0"]
[WhiteElo "2757"]
[BlackElo "2573"]
[PlyCount "136"]

1. e4 c5 2. Nf3 d6 3. d4 cxd4 4. Nxd4 Nf6 5. Nc3 Nc6 6. Bg5 e6 7. Qd2 Be7 8.
O-O-O O-O 9. f4 h6 10. Bh4 e5 11. Nf5 Bxf5 12. exf5 exf4 13. Kb1 d5 14. Bxf6
Bxf6 15. Nxd5 Be5 16. Bc4 Qh4 17. Qe1 Qg5 18. Qe4 Rfe8 19. Rhe1 Bd6 20. Qxe8+
Rxe8 21. Rxe8+ Kh7 22. Nc3 Ne5 23. Bb3 Be7 24. Re1 Bf6 25. Bd5 Qh4 26. R8xe5
Bxe5 27. Rxe5 Qxh2 28. Re1 Qh4 29. Rf1 Qe7 30. Be4 f6 31. Rxf4 Qc5 32. a4 Qg1+
33. Ka2 Qd4 34. Rf3 a5 35. Bxb7 Qd2 36. Rd3 Qxc2 37. Rd7 Qf2 38. Bd5 h5 39. Bf3
h4 40. Be4 Qc5 41. Kb3 Qb6+ 42. Kc2 Kh6 43. Rd5 Qf2+ 44. Kb3 Qa7 45. Rb5 Kh7
46. Kc2 Qf2+ 47. Kd3 Qg3+ 48. Kc4 Qc7+ 49. Kd4 Qa7+ 50. Kd3 Qa6 51. Nd5 Kh6 52.
Ne3 Qd6+ 53. Bd5 Qc7 54. b4 Qf4 55. bxa5 Qxa4 56. Bc4 Kg5 57. Rd5 Qa3+ 58. Ke4
Qb4 59. Rd7 Kh6 60. a6 Qa4 61. a7 g6 62. Kf4 g5+ 63. Kf3 Qc6+ 64. Bd5 Qxd7 65.
a8=Q Qxd5+ 66. Nxd5 Kg7 67. Qd8 Kh7 68. Qe7+ 68... Kg8 {Hossa resigns} 1-0

[Event "ICS Rated blitz match"]
[Site "207.99.83.229"]
[Date "1999.06.08"]
[Round "?"]
[White "Hossa"]
[Black "Monopoly"]
[Result "0-1"]
[WhiteElo "2565"]
[BlackElo "2765"]
[PlyCount "171"]

1. e4 e5 2. Nc3 Nf6 3. f4 d5 4. fxe5 Nxe4 5. Nf3 Be7 6. Bd3 Nc5 7. O-O Nxd3 8.
cxd3 Nc6 9. d4 Bg4 10. d3 O-O 11. Be3 Qd7 12. Qb3 Rad8 13. Rac1 Nb4 14. Ne2 Rb8
15. a3 Nc6 16. Nf4 Rfd8 17. Rf2 a6 18. Rcf1 a5 19. Kh1 b5 20. h3 Bf5 21. Kg1
Rb7 22. Qc2 b4 23. a4 b3 24. Qc3 Rb4 25. Rc1 Rb6 26. Rff1 Rc8 27. Ra1 Rcb8 28.
Rab1 Bb4 29. Qc1 Ne7 30. Qd1 Qxa4 31. Rc1 R6b7 32. Ra1 Qe8 33. Bd2 a4 34. Bxb4
Rxb4 35. Rc1 Qd7 36. Qe2 Ng6 37. Nxg6 Bxg6 38. Rc3 Bh5 39. g4 Bg6 40. Rfc1 Rc8
41. Qf2 Rb6 42. Nh4 Ra6 43. Kh1 Re6 44. Qf3 Qd8 45. Nxg6 Rxg6 46. Qf5 Rh6 47.
Rf1 Qe8 48. Rf3 Re6 49. Rf1 Qd7 50. g5 Rce8 51. Rfc1 R8e7 52. Ra1 Qe8 53. Rac1
c6 54. Ra1 Rb7 55. Qf4 Rb4 56. Rc5 Qa8 57. Rf1 Qb7 58. Ra5 Re8 59. Ra1 Ra8 60.
Rxa8+ Qxa8 61. Qf2 Qc8 62. Qe3 Qd7 63. Rc1 Rb8 64. Ra1 Ra8 65. Kg1 Qe6 66. Qg3
Qg6 67. Kh1 h6 68. h4 hxg5 69. hxg5 Qh5+ 70. Kg1 Qe2 71. Qf2 Qg4+ 72. Kh1 Qh5+
73. Qh2 Qxg5 74. Rg1 Qf5 75. Qg3 Qh7+ 76. Kg2 a3 77. bxa3 Rxa3 78. Kf2 Ra2+ 79.
Ke3 Qh6+ 80. Kf3 Rd2 81. Qg4 Rxd3+ 82. Kg2 Qe6 83. Qf4 Qh3+ 84. Kf2 Rc3 85. Rc1
b2 86. Rxc3 {Hossa resigns} 0-1

[Event "ICS Rated standard match"]
[Site "207.99.83.229"]
[Date "1999.06.08"]
[Round "?"]
[White "Hossa"]
[Black "Jack-Daniels"]
[Result "0-1"]
[WhiteElo "2265"]
[BlackElo "2474"]
[PlyCount "110"]

1. e4 e5 2. Nf3 Nc6 3. Bc4 Nf6 4. Ng5 d5 5. exd5 Na5 6. Bb5+ c6 7. dxc6 bxc6 8.
Qf3 cxb5 9. Qxa8 Bc5 10. O-O O-O 11. Qb8 Nb7 12. Qxe5 Ng4 13. Qg3 Qxg5 14. d4
Qf5 15. dxc5 Nxc5 16. f3 Nf6 17. Qf2 Be6 18. Be3 Rc8 19. Re1 Na4 20. c3 a6 21.
Bd4 Nd5 22. Kh1 Nf4 23. b3 Nc5 24. Qg3 f6 25. Nd2 Ncd3 26. Re4 Bd7 27. Re7 Ng6
28. Re3 Bc6 29. Rd1 Nb2 30. Rf1 Nd3 31. a3 a5 32. Bb6 a4 33. bxa4 Ndf4 34. axb5
Bxb5 35. c4 Bxc4 36. Nxc4 Rxc4 37. Re8+ Kf7 38. Ra8 Rc2 39. Ra7+ Kg8 40. Rd1 h5
41. Ra5 Qe6 42. Rd8+ Kh7 43. Bg1 f5 44. Rd1 Rxg2 45. Qe1 Qb3 46. Qf1 Rxg1+ 47.
Kxg1 Qb6+ 48. Kh1 Qxa5 49. Ra1 Qc3 50. Ra2 Ne5 51. Rf2 Qxa3 52. Qd1 Qa7 53. Qf1
Qe3 54. Rb2 Nxf3 55. Rf2 55... Nd2 {Hossa resigns} 0-1

[Event "ICS Rated blitz match"]
[Site "207.99.83.229"]
[Date "1999.06.08"]
[Round "?"]
[White "Data"]
[Black "Hossa"]
[Result "1-0"]
[WhiteElo "2892"]
[BlackElo "2551"]
[PlyCount "60"]

1. e4 e5 2. Nf3 Nc6 3. Bc4 Nf6 4. Ng5 d5 5. exd5 Na5 6. Bb5+ c6 7. dxc6 bxc6 8.
Qf3 cxb5 9. Qxa8 Bc5 10. O-O O-O 11. b4 Qc7 12. Qf3 Bxb4 13. Qe2 Nc4 14. d3 Nb6
15. c3 Bxc3 16. Nxc3 Qxc3 17. Bb2 Bg4 18. Nf3 Bxf3 19. gxf3 Qc6 20. Rac1 Qe6
21. Qxe5 Qxa2 22. Qxb5 Nfd5 23. Ra1 Nc7 24. Qxb6 Qxa1 25. Qd4 Ne6 26. Rxa1 Nxd4
27. Bxd4 Rd8 28. Rxa7 h5 29. Ra4 Kh7 30. Kg2 30... Kg6 {Hossa resigns} 1-0

[Event "ICS rated blitz match"]
[Site "207.99.83.229"]
[Date "1999.06.08"]
[Round "?"]
[White "Hossa"]
[Black "Data"]
[Result "1/2-1/2"]
[WhiteElo "2547"]
[BlackElo "2896"]
[PlyCount "88"]

1. e4 c5 2. Nf3 Nc6 3. d4 cxd4 4. Nxd4 g6 5. c4 Bg7 6. Be3 Nf6 7. Nc3 Ng4 8.
Qxg4 Nxd4 9. Qd1 e5 10. Bd3 O-O 11. O-O d6 12. Qd2 Be6 13. Bh6 Bxh6 14. Qxh6
Rc8 15. b3 f6 16. f4 Qc7 17. Rad1 Qg7 18. Qxg7+ Kxg7 19. Ne2 Nxe2+ 20. Bxe2 Rc6
21. g3 Bh3 22. Rf2 exf4 23. gxf4 g5 24. Rd3 Be6 25. Rg3 h6 26. h4 Rc5 27. a3 a5
28. Rfg2 a4 29. fxg5 fxg5 30. hxg5 Rxg5 31. Rxg5+ hxg5 32. Rxg5+ Kf6 33. Rb5
axb3 34. Rxb7 Ke5 35. Rxb3 Kxe4 36. Rb6 Ke3 37. Bd1 Bxc4 38. Rxd6 Rf2 39. a4
Rd2 40. Rxd2 Kxd2 41. Bf3 Kc3 42. Kf2 Kb4 43. Bc6 Bd3 44. Bd5 44... Kxa4 {
Game drawn because neither player has mating material} 1/2-1/2

[Event "ICS Rated standard match"]
[Site "207.99.83.229"]
[Date "1999.06.08"]
[Round "?"]
[White "Hossa"]
[Black "Brighton"]
[Result "1-0"]
[WhiteElo "2258"]
[BlackElo "1964"]
[PlyCount "59"]

1. e4 c5 2. Nf3 d6 3. d4 cxd4 4. Nxd4 Nf6 5. Nc3 a6 6. f4 e6 7. Bd3 Be7 8. Be3
b5 9. a3 Bb7 10. O-O O-O 11. e5 dxe5 12. fxe5 Nd5 13. Qh5 g6 14. Qh6 Nxe3 15.
Qxe3 Bc5 16. Nce2 Nc6 17. c3 Qb6 18. b4 Bxd4 19. cxd4 Rad8 20. Rf4 Ne7 21. Rh4
Nf5 22. Bxf5 exf5 23. Qh6 Rfe8 24. Rf1 Be4 25. Qxh7+ Kf8 26. Rxe4 Qb7 27. Qh8+
Ke7 28. Qf6+ Kd7 29. Qd6+ Kc8 30. Rc1+ {Brighton resigns} 1-0

[Event "ICS Rated blitz match"]
[Site "207.99.83.229"]
[Date "1999.06.08"]
[Round "?"]
[White "Hossa"]
[Black "razzle"]
[Result "0-1"]
[WhiteElo "2549"]
[BlackElo "2755"]
[PlyCount "89"]

1. e4 c5 2. Nf3 Nc6 3. d4 cxd4 4. Nxd4 Nf6 5. Nc3 e5 6. Ndb5 d6 7. Bg5 a6 8.
Bxf6 gxf6 9. Na3 f5 10. exf5 Bxf5 11. Bd3 Bc8 12. Qh5 d5 13. O-O-O Bxa3 14.
bxa3 Qd6 15. Kb2 d4 16. Ne4 Qg6 17. Qg5 Qxg5 18. Nxg5 f6 19. Nxh7 Kf7 20. f4
Kg7 21. Rdf1 Rxh7 22. Bxh7 Kxh7 23. fxe5 fxe5 24. Re1 Be6 25. Re2 Na5 26. Kc1
Nc4 27. Rg1 Rc8 28. g4 Nxa3 29. Rg3 Nc4 30. g5 Ne3 31. Rexe3 dxe3 32. Rxe3 Rc5
33. a3 Kg6 34. Rg3 Bf5 35. c3 Rc4 36. Kd2 Ra4 37. Re3 Rxa3 38. Rxe5 Ra2+ 39.
Ke3 Rxh2 40. Re7 b5 41. Ra7 Ra2 42. Kd4 Kxg5 43. Kc5 Kf4 44. Kb6 Bd3 45. Re7 {
Hossa resigns} 0-1

[Event "ICS Rated bullet match"]
[Site "207.99.83.229"]
[Date "1999.06.08"]
[Round "?"]
[White "Hossa"]
[Black "JSBach"]
[Result "1-0"]
[WhiteElo "2400"]
[BlackElo "2167"]
[PlyCount "51"]

1. e4 e5 2. Nf3 Nc6 3. Bb5 Qf6 4. Nc3 Nge7 5. Ba4 Ng6 6. Nd5 Qd8 7. d4 exd4 8.
Nxd4 Nce5 9. Nb5 Bd6 10. O-O O-O 11. Qe2 f5 12. Bb3 Kh8 13. Nxd6 cxd6 14. Qh5
fxe4 15. Re1 Rb8 16. Rxe4 Qa5 17. Bg5 Qc5 18. Be3 Qc6 19. f4 Nf7 20. Bxa7 Ra8
21. Bd4 Kg8 22. f5 Ra5 23. fxg6 Nh6 24. Qxh6 Rf1+ 25. Rxf1 gxh6 26. Ne7# {
JSBach checkmated} 1-0

[Event "ICS Rated blitz match"]
[Site "207.99.83.229"]
[Date "1999.06.08"]
[Round "?"]
[White "Nicy"]
[Black "Hossa"]
[Result "0-1"]
[WhiteElo "2235"]
[BlackElo "2542"]
[PlyCount "68"]

1. d4 d5 2. Nf3 Nf6 3. Bg5 e6 4. e3 Bd6 5. Bd3 O-O 6. O-O Nbd7 7. c3 Rb8 8.
Nbd2 h6 9. Bh4 Qe7 10. Re1 c6 11. e4 dxe4 12. Nxe4 Bf4 13. Qe2 Qd8 14. Rad1 Kh8
15. Bb1 Qe7 16. Qd3 g6 17. Qe2 a5 18. Rd3 Ra8 19. Nfd2 Kg8 20. Rh3 Ra6 21. Bg3
Nh5 22. Bh4 Nhf6 23. Bg3 Nh5 24. Qd3 f5 25. Rxh5 fxe4 26. Nxe4 gxh5 27. Bxf4
Rxf4 28. Nc5 Nxc5 29. dxc5 Qg7 30. Qd8+ Rf8 31. Qh4 Qf6 32. Qg3+ Kh8 33. f3 Rg8
34. Qf2 34... e5 {Nicy resigns} 0-1

[Event "ICS Rated blitz match"]
[Site "207.99.83.229"]
[Date "1999.06.08"]
[Round "?"]
[White "Hossa"]
[Black "Nicy"]
[Result "1-0"]
[WhiteElo "2547"]
[BlackElo "2230"]
[PlyCount "69"]

1. e4 c5 2. Nf3 Nc6 3. d4 cxd4 4. Nxd4 g6 5. c4 Nf6 6. Nc3 d6 7. Be2 Bg7 8.
Nxc6 bxc6 9. O-O O-O 10. Qd3 Bb7 11. Bg5 Qc7 12. Rad1 Rad8 13. Qg3 Rd7 14. Qh3
e6 15. Qh4 Ne8 16. Bh6 d5 17. exd5 cxd5 18. Bxg7 Nxg7 19. Qf6 Rfd8 20. Nb5 Qb6
21. b3 dxc4 22. Rxd7 Rxd7 23. bxc4 a6 24. Nc3 Ne8 25. Qg5 Qb4 26. Qe3 Bc6 27.
Rb1 Qe7 28. Rb6 Bb7 29. Qe5 Rc7 30. a4 Qd7 31. a5 h6 32. Qe3 Kg7 33. Bf1 Qe7
34. Na2 Rc5 35. Rxb7 {Nicy resigns} 1-0

[Event "ICS Rated blitz match"]
[Site "207.99.83.229"]
[Date "1999.06.08"]
[Round "?"]
[White "rb"]
[Black "Hossa"]
[Result "1-0"]
[WhiteElo "2255"]
[BlackElo "2551"]
[PlyCount "159"]

1. e4 e5 2. Nf3 Nc6 3. Bb5 a6 4. Ba4 Nf6 5. O-O Nxe4 6. d4 Be7 7. Re1 Nd6 8.
Nxe5 O-O 9. Bb3 Nxe5 10. dxe5 Nf5 11. Qg4 d6 12. exd6 Nxd6 13. Qh5 Bf6 14. Nc3
Bxc3 15. bxc3 Qf6 16. Qe5 Qxe5 17. Rxe5 Bg4 18. f3 Bd7 19. Ba3 Rfe8 20. Bxd6
cxd6 21. Rd5 Bc6 22. Rxd6 Re3 23. Rd3 Re2 24. Rad1 Rf8 25. R1d2 Re7 26. Kf2 b6
27. Rd6 Rc7 28. R2d4 h6 29. Rg4 Kh7 30. Bc4 f5 31. Bd3 b5 32. Rf4 g6 33. g4 Bb7
34. gxf5 g5 35. Rb4 Bc6 36. Rbd4 a5 37. Re6 h5 38. Rdd6 Rfc8 39. Rh6+ Kg8 40.
Rdg6+ Kf8 41. Rh8+ Ke7 42. f6+ Ke6 43. Rxc8 Rxc8 44. Rxg5 h4 45. c4 bxc4 46.
Bxc4+ Kxf6 47. Rc5 Bd7 48. Rxc8 Bxc8 49. Ke3 Ke5 50. f4+ Kf5 51. a3 Kg4 52. Bf1
Bb7 53. c4 Bc6 54. c5 a4 55. Be2+ Kf5 56. Bf3 Bb5 57. Bd5 Kf6 58. Be4 h3 59.
Bd5 Ke7 60. Kd4 Kf6 61. Bb7 Ke7 62. Bc8 Bf1 63. f5 Kd8 64. f6 Bg2 65. Be6 Ke8
66. Ke5 Bf3 67. Bxh3 Kf7 68. Bd7 Be2 69. c6 Bf3 70. h4 Kg6 71. c7 Bb7 72. Ke6
Ba6 73. Ke7 Kh5 74. f7 Kxh4 75. f8=Q Kg3 76. Qb8 Kh4 77. c8=R Bd3 78. Rh8+ Bh7
79. Qg8 Kh5 80. Rxh7# {Hossa checkmated} 1-0

[Event "ICS Rated blitz match"]
[Site "207.99.83.229"]
[Date "1999.06.08"]
[Round "?"]
[White "Hossa"]
[Black "Monopoly"]
[Result "0-1"]
[WhiteElo "2524"]
[BlackElo "2794"]
[PlyCount "126"]

1. e4 c5 2. Nf3 e6 3. d4 cxd4 4. Nxd4 Nf6 5. Nc3 Nc6 6. Ndb5 d6 7. Bf4 e5 8.
Bg5 a6 9. Na3 b5 10. Nd5 Be7 11. Bxf6 Bxf6 12. c3 O-O 13. Nc2 Bg5 14. Bd3 Be6
15. O-O Bxd5 16. exd5 Ne7 17. Qh5 h6 18. Nb4 Qd7 19. Qf3 f5 20. Qd1 Qb7 21. Qb3
Rfc8 22. Rad1 Rc5 23. Be2 Kh8 24. Nd3 Rxd5 25. Nb4 Rxd1 26. Rxd1 Qb6 27. Qf7
Bh4 28. g3 Bg5 29. Bf3 e4 30. Bg2 Rd8 31. a3 a5 32. Nc2 Bf6 33. Ne3 Qc6 34. Kh1
Qc5 35. Bh3 b4 36. axb4 axb4 37. c4 Qe5 38. Rd2 b3 39. Bg2 Ra8 40. Bf1 Ra2 41.
Nd1 Bg5 42. Re2 Ra1 43. f4 exf3 44. Rxe5 Rxd1 45. h4 dxe5 46. hxg5 Rxf1+ 47.
Kh2 Rf2+ 48. Kh3 Ng8 49. Qxf5 hxg5 50. Qxe5 Rc2 51. Qxg5 Nf6 52. Qh4+ Kg8 53.
Qd4 Rc1 54. g4 f2 55. Qxf2 Rh1+ 56. Kg2 Rh2+ 57. Kxh2 Nxg4+ 58. Kg3 Nxf2 59.
Kxf2 Kf7 60. Ke3 Ke6 61. Kd4 Kd6 62. c5+ Kc6 63. Kc4 63... g5 {Hossa resigns}
0-1

[Event "ICS Rated blitz match"]
[Site "207.99.83.229"]
[Date "1999.06.08"]
[Round "?"]
[White "Monopoly"]
[Black "Hossa"]
[Result "1-0"]
[WhiteElo "2800"]
[BlackElo "2518"]
[PlyCount "116"]

1. d4 d5 2. c4 e6 3. Nc3 Nf6 4. Nf3 Be7 5. Bg5 h6 6. Bh4 O-O 7. e3 Nbd7 8. Rc1
c6 9. Bd3 dxc4 10. Bxc4 b5 11. Bd3 b4 12. Ne2 Qa5 13. Ra1 e5 14. O-O g5 15.
dxe5 Nxe5 16. Bg3 Nxf3+ 17. gxf3 Bh3 18. Re1 Qd5 19. e4 Qd7 20. Bc4 Rad8 21.
Qc2 Qd2 22. Qb3 Qd7 23. Red1 Qe8 24. Rxd8 Qxd8 25. Rd1 Qe8 26. Qc2 Kh8 27. Bb3
c5 28. Bd6 Bxd6 29. Rxd6 Qe5 30. Rc6 Rc8 31. Rxc8+ Bxc8 32. Bxf7 Bh3 33. Bc4 a5
34. Qd2 a4 35. a3 bxa3 36. bxa3 Qa1+ 37. Qc1 Qe5 38. Bb5 Bd7 39. Bxd7 Nxd7 40.
Qd1 Qe6 41. Qxa4 Ne5 42. Qa8+ Kg7 43. Qb7+ Kg6 44. Kg2 Qf6 45. Qb3 c4 46. Qc3
Kf7 47. h4 Ke6 48. a4 Ke7 49. hxg5 hxg5 50. a5 Kd6 51. a6 Kc7 52. Qa5+ Kc8 53.
Ng1 Nc6 54. a7 Nxa5 55. a8=Q+ Kd7 56. Qxa5 Qe6 57. Qxg5 Kc6 58. Ne2 58... Qd7 {
Hossa resigns} 1-0

[Event "ICS rated blitz match"]
[Site "207.99.83.229"]
[Date "1999.06.08"]
[Round "?"]
[White "Hossa"]
[Black "Monopoly"]
[Result "0-1"]
[WhiteElo "2513"]
[BlackElo "2805"]
[PlyCount "105"]

1. e4 e5 2. Nf3 Nc6 3. Bb5 a6 4. Ba4 Nf6 5. O-O Be7 6. Re1 b5 7. Bb3 O-O 8. c3
d6 9. h3 Na5 10. Bc2 c5 11. d4 Qc7 12. d5 c4 13. b4 cxb3 14. axb3 Bd7 15. Ba3
Bd8 16. Bb4 Nb7 17. Bd3 a5 18. Nxe5 dxe5 19. Bxf8 Kxf8 20. Na3 Qxc3 21. Bxb5
Bxb5 22. Nxb5 Qb4 23. Qd3 Nc5 24. Qc4 Rb8 25. Qxb4 axb4 26. Nd6 Bb6 27. Nc4
Ncxe4 28. Nxb6 Rxb6 29. Ra8+ Ke7 30. Ra7+ Kd6 31. Rxf7 Nc5 32. Rxg7 Nxb3 33. f4
e4 34. Rd1 Nc5 35. Rf7 Ncd7 36. g4 b3 37. g5 b2 38. gxf6 Ra6 39. Rxd7+ Kxd7 40.
f7 Ra1 41. f8=Q Rxd1+ 42. Kh2 b1=Q 43. Qf5+ Kd6 44. Qe6+ Kc5 45. Kg3 Rg1+ 46.
Kh4 Qe1+ 47. Kh5 Qe2+ 48. Kh4 Qf2+ 49. Kh5 Qf3+ 50. Qg4 Rxg4 51. hxg4 Qxf4 52.
d6 Kxd6 53. g5 {Hossa resigns} 0-1

[Event "ICS rated standard match"]
[Site "207.99.83.229"]
[Date "1999.06.08"]
[Round "?"]
[White "PartyTrain"]
[Black "Hossa"]
[Result "1-0"]
[WhiteElo "2108"]
[BlackElo "2259"]
[PlyCount "220"]

1. e4 e5 2. Nf3 Nc6 3. Bc4 Nf6 4. d4 exd4 5. e5 Ng4 6. Qe2 Qe7 7. Bf4 f6 8.
exf6 Nxf6 9. O-O Qxe2 10. Bxe2 Nd5 11. Bg3 Bc5 12. Nbd2 d6 13. Rfe1 Ndb4 14.
Bc4+ Ne7 15. Bh4 d5 16. Bb3 d3 17. Bxe7 Bxe7 18. cxd3 c5 19. Re2 Nxd3 20. Bxd5
Nf4 21. Re5 Nxd5 22. Rxd5 O-O 23. Re1 Bf6 24. Rxc5 Bxb2 25. Rc7 Bf6 26. Ne4 Bd8
27. Rcc1 Be6 28. Re2 Bg4 29. Ned2 b5 30. Re5 a6 31. h3 Rc8 32. Rce1 Bxf3 33.
Nxf3 Ba5 34. R1e2 Rc1+ 35. Ne1 Ra1 36. g3 Bxe1 37. Rxe1 Rxa2 38. Re8 Raxf2 39.
Rxf8+ Rxf8 40. Ra1 Ra8 41. Kf2 Kf7 42. Ke3 Ke6 43. Kd4 a5 44. Kc5 b4 45. Kb5
Kd6 46. Ka4 g6 47. Rf1 Ke6 48. Rc1 Ra7 49. Rc5 Kd7 50. Rd5+ Kc6 51. Re5 Kd6 52.
Rb5 Ke7 53. Re5+ Kf6 54. Rd5 h5 55. h4 Ra6 56. Rc5 Ra8 57. Rd5 Ke7 58. Re5+ Kf7
59. Rg5 Ra6 60. Rd5 Kg7 61. Re5 Ra7 62. Rd5 Kf7 63. Re5 Kg8 64. Rg5 Kh7 65. Re5
Kh6 66. Rg5 Ra8 67. Re5 Kg7 68. Rd5 Kh8 69. Rg5 Kh7 70. Re5 Kg8 71. Rg5 Kf7 72.
Re5 Kf8 73. Rg5 Ra6 74. Re5 Kg7 75. Rd5 Kf7 76. Re5 Kf8 77. Rg5 Ke7 78. Re5+
Kd6 79. Rg5 Kc7 80. Rc5+ Kb7 81. Re5 Kc8 82. Rc5+ Kd8 83. Rd5+ Ke8 84. Re5+ Kd7
85. Rg5 Rf6 86. Rd5+ Rd6 87. Rxa5 Rb6 88. Kb3 Kd6 89. Rg5 Ke7 90. Re5+ Kf6 91.
Rg5 Kg7 92. Re5 Rb7 93. Rd5 Re7 94. Kxb4 Re3 95. Rg5 Rf3 96. Kc4 Rf5 97. Kd4
Rxg5 98. hxg5 Kf7 99. Kd5 Kg7 100. Ke6 Kg8 101. Kf6 Kh7 102. Kf7 Kh8 103. Kxg6
h4 104. gxh4 Kg8 105. Kf6 Kf8 106. g6 Ke8 107. g7 Kd8 108. g8=Q+ Kc7 109. Qd5
Kb6 110. Ke6 110... Ka6 {Hossa resigns} 1-0

[Event "ICS rated standard match"]
[Site "207.99.83.229"]
[Date "1999.06.08"]
[Round "?"]
[White "Hossa"]
[Black "middie"]
[Result "1-0"]
[WhiteElo "2236"]
[BlackElo "2016"]
[PlyCount "41"]

1. e4 c5 2. Nf3 e6 3. d4 cxd4 4. Nxd4 Nf6 5. Nc3 d6 6. Be2 Be7 7. O-O O-O 8. f4
Nc6 9. Be3 e5 10. fxe5 Nxe5 11. Nf5 Bxf5 12. Rxf5 a6 13. Qf1 Neg4 14. Bd4 Qc7
15. Bxg4 Nxg4 16. Nd5 Qd8 17. Qf3 Nf6 18. Rxf6 Bxf6 19. Nxf6+ gxf6 20. Qg3+ Kh8
21. Qg5 {middie resigns} 1-0

[Event "ICS rated standard match"]
[Site "207.99.83.229"]
[Date "1999.06.08"]
[Round "?"]
[White "ssedri"]
[Black "Hossa"]
[Result "0-1"]
[WhiteElo "2009"]
[BlackElo "2239"]
[PlyCount "73"]

1. e4 e5 2. Nc3 Nf6 3. Nf3 Nc6 4. d4 exd4 5. Nxd4 Bb4 6. Nxc6 Bxc3+ 7. bxc3
bxc6 8. Bd3 d5 9. e5 Ng4 10. Qe2 O-O 11. O-O Re8 12. f4 Qh4 13. h3 Nh6 14. Be3
Bxh3 15. gxh3 Qg3+ 16. Kh1 Qxh3+ 17. Kg1 Qg3+ 18. Kh1 Re6 19. Rf3 Nf5 20. Qg2
Rh6+ 21. Kg1 Qxg2+ 22. Kxg2 Nh4+ 23. Kf2 Nxf3 24. Kxf3 Rh3+ 25. Kf2 a5 26. Rb1
Re8 27. Rb7 f6 28. exf6 Rexe3 29. fxg7 Ref3+ 30. Ke2 Rxf4 31. Rxc7 Rh6 32. Ke3
Ra4 33. Bf5 Rf6 34. Bd7 Rf7 35. Rc8+ Kxg7 36. Bxc6 Rc4 37. Kd3 {ssedri resigns}
0-1

[Event "ICS rated blitz match"]
[Site "207.99.83.229"]
[Date "1999.06.08"]
[Round "?"]
[White "VESta"]
[Black "Hossa"]
[Result "0-1"]
[WhiteElo "2392"]
[BlackElo "2508"]
[PlyCount "54"]

1. d4 d5 2. c4 e6 3. Nc3 Nf6 4. Bg5 Be7 5. e3 Nbd7 6. Nf3 O-O 7. cxd5 Nxd5 8.
Bxe7 Qxe7 9. Bd3 Kh8 10. O-O Nxc3 11. bxc3 b6 12. a4 Bb7 13. a5 e5 14. a6 Bxf3
15. Qxf3 Nf6 16. Bf5 exd4 17. cxd4 c5 18. dxc5 Qxc5 19. Rfc1 Qe7 20. g3 Rad8
21. Rd1 Rxd1+ 22. Rxd1 Kg8 23. Qb7 Qc5 24. Bh3 Qh5 25. Qxa7 Qxd1+ 26. Bf1 Ne4
27. Qxb6 27... Qc2 {VESta resigns} 0-1